Trắc nghiệm độ hiệu nghiệm 9 loại thuốc sát trùng trên cây đậu nành Palmetto
Guardado en:
| Autor principal: | |
|---|---|
| Formato: | Libro |
| Lenguaje: | Undetermined |
| Publicado: |
Cần Thơ
Viện Đại Học Cần Thơ - Trường Cao Đẳng Nông Nghiệp
1972
|
| Materias: | |
| Etiquetas: |
Agregar Etiqueta
Sin Etiquetas, Sea el primero en etiquetar este registro!
|
| Thư viện lưu trữ: | Trung tâm Học liệu Trường Đại học Cần Thơ |
|---|
| LEADER | 00726nam a2200181Ia 4500 | ||
|---|---|---|---|
| 001 | CTU_33475 | ||
| 008 | 210402s9999 xx 000 0 und d | ||
| 082 | |a 633.34 | ||
| 082 | |b Đ307 | ||
| 100 | |a Nguyễn Ngọc Điệp | ||
| 245 | 0 | |a Trắc nghiệm độ hiệu nghiệm 9 loại thuốc sát trùng trên cây đậu nành Palmetto | |
| 245 | 0 | |c Nguyễn Ngọc Điệp | |
| 260 | |a Cần Thơ | ||
| 260 | |b Viện Đại Học Cần Thơ - Trường Cao Đẳng Nông Nghiệp | ||
| 260 | |c 1972 | ||
| 650 | |a soyben - diseases and pests,soyben - effect of pesticides on,soyben - research | ||
| 904 | |i Minh, 991029 | ||
| 980 | |a Trung tâm Học liệu Trường Đại học Cần Thơ | ||